000 00799nam a2200217 a 4500
008
049 _aMAIN
090 _aQC21.2
100 1 _aYavorsky, B. M.
245 1 0 _aFundamentals of physics.
_avolume II. vibrations and waves. quantum physics of atoms, molecules and solids. physics of the nucleus and elementary particles/
_btranslated from the Russian by Boris Kuznetsov./
_cB.M Yavorsky and A.A Pinsky.
260 _aMoscow :
_bMIR Publishers,
_c1987
300 _a488 p. :
_bill. ;
_c22cm.
500 _aTranslated from the Russian by Boris Kuznetsov.
500 _aIncludes index.
700 _aPinsky A. A.
907 _a.b10223629
_b16-01-07
_c16-01-07
003
005 20230123134318.0
040 _cNUST
942 _cBOOKS
_kQC21.2
999 _c163712
_d163712